Vzdelanostný rozvoj nezamestnaných v regióne a jeho vplyv na rozvoj podnikateľských aktivít

Súvislosti medzi nezamestnanosťou a vzdelanosťou obyvateľstva z pohľadu regiónu. Využitie ekonomického a podnikateľského potenciálu regiónu. Úloha vzdelávania v samozamestnaní obyvateľstva.

Saved in:
Bibliographic Details
Main Author: Gallo, Peter, ml
Format: Book Chapter
Language:Slovak
Subjects:
Tags: Add Tag
No Tags, Be the first to tag this record!

MARC

LEADER 00000naa a2200000 4500
001 r047490
005 20230918124244.8
041 0 |a slo 
044 |a SK 
245 1 0 |a Vzdelanostný rozvoj nezamestnaných v regióne a jeho vplyv na rozvoj podnikateľských aktivít  |c Peter Gallo 
520 |a Súvislosti medzi nezamestnanosťou a vzdelanosťou obyvateľstva z pohľadu regiónu. Využitie ekonomického a podnikateľského potenciálu regiónu. Úloha vzdelávania v samozamestnaní obyvateľstva. 
610 2 0 |a vzdelávanie 
610 2 0 |a samozamestnanosť 
610 2 0 |a nezamestnanosť 
610 2 0 |a regióny 
610 2 0 |a podnikanie 
100 1 |a Gallo, Peter, ml.